Colombia rural : (Registro nro. 12386)
[ vista simple ]
| 000 -LEADER | |
|---|---|
| fixed length control field | 02307cmm a2200277 a 4500 |
| 003 - CONTROL NUMBER IDENTIFIER | |
| control field | OSt |
| 005 - DATE AND TIME OF LATEST TRANSACTION | |
| control field | 20210907154031.0 |
| 008 - FIXED-LENGTH DATA ELEMENTS--GENERAL INFORMATION | |
| fixed length control field | 111123s2011 ck abd r 0 0 a0spa d |
| 020 ## - INTERNATIONAL STANDARD BOOK NUMBER | |
| International Standard Book Number | 9789588447636 |
| 040 ## - CATALOGING SOURCE | |
| Original cataloging agency | CO-BoPUJ |
| Transcribing agency | CO-JMCR |
| 041 0# - LANGUAGE CODE | |
| Language code of text/sound track or separate title | spa |
| 082 04 - DEWEY DECIMAL CLASSIFICATION NUMBER | |
| Classification number | 307.1412 / |
| Item number | D419c |
| Edition number | 23 |
| 110 2# - MAIN ENTRY--CORPORATE NAME | |
| Corporate name or jurisdiction name as entry element | Colombia |
| Subordinate unit | Departamento Nacional de Planeación |
| 9 (RLIN) | 40114 |
| 245 10 - TITLE STATEMENT | |
| Title | Colombia rural : |
| Remainder of title | razones para la esperanza : Informe Nacional de Desarrollo Humano / |
| Statement of responsibility, etc. | Programa de las Naciones Unidas para el Desarrollo |
| 246 10 - VARYING FORM OF TITLE | |
| Title proper/short title | Informe Nacional de Desarrollo Humano 2011 |
| 250 ## - EDITION STATEMENT | |
| Edition statement | Primera edición |
| 260 ## - PUBLICATION, DISTRIBUTION, ETC. | |
| Place of publication, distribution, etc. | Bogotá : |
| Name of publisher, distributor, etc. | Programa de las Naciones Unidas para el Desarrollo, |
| Date of publication, distribution, etc. | 2011. |
| 300 ## - PHYSICAL DESCRIPTION | |
| Extent | 438 páginas : |
| Other physical details | ilustraciones, cuadros, fotos y mapas ; |
| Dimensions | 27 cm. + |
| Accompanying material | 1 anexo (87 p. ; 27 cm.) |
| 504 ## - BIBLIOGRAPHY, ETC. NOTE | |
| Bibliography, etc. note | Incluye referencias bibliográficas y glosario. |
| 505 0# - FORMATTED CONTENTS NOTE | |
| Title | El enfoque sobre el desarrollo rural. -- La problemática. -- Tierra y conflicto. -- El estado y el sector rural. -- Las salidas. |
| 520 0# - SUMMARY, ETC. | |
| Summary, etc. | El Informe indaga por los obstáculos y oportunidades para el desarrollo humano en el contexto de la globalización de los mercados; la concentración de la propiedad rural; los conflictos por uso y tenencia del suelo y del subsuelo; las dinámicas de expansión o reducción de la frontera agrícola; la pobreza extrema y la inequidad de géneros. De igual modo, la inexistencia de mínimos de ciudadanía; la vulnerabilidad ambiental; la explotación de recursos forestales, mineros y energéticos; el uso inapropiado de tecnologías o la dificultad de acceder a ellas; el diseño de la institucionalidad que atiende al mundo rural, la heterogeneidad de la sociedad rural y el desconocimiento de sus dinámicas, fortalezas y debilidades.<br/>Aquí no encontrará el lector un compendio ni un recetario sobre todos los problemas que afectan el desarrollo rural, pero sí un énfasis en asuntos críticos que deben ser superados para avanzar hacia una modernización incluyente, pasando por cambios profundos en la economía, la sociedad y la política que no dan más espera. |
| 650 14 - SUBJECT ADDED ENTRY--TOPICAL TERM | |
| Topical term or geographic name entry element | Desarrollo humano |
| Geographic subdivision | Colombia |
| Form subdivision | Informes |
| 9 (RLIN) | 40115 |
| 650 24 - SUBJECT ADDED ENTRY--TOPICAL TERM | |
| Topical term or geographic name entry element | Desarrollo sostenible |
| Geographic subdivision | Colombia |
| Form subdivision | Informes |
| 9 (RLIN) | 40116 |
| 650 24 - SUBJECT ADDED ENTRY--TOPICAL TERM | |
| Topical term or geographic name entry element | Crecimiento económico |
| Geographic subdivision | Colombia |
| Form subdivision | Informes |
| 9 (RLIN) | 40117 |
| 942 ## - ADDED ENTRY ELEMENTS (KOHA) | |
| Source of classification or shelving scheme | Dewey Decimal Classification |
| Koha item type | Books |
| Withdrawn status | Lost status | Source of classification or shelving scheme | Damaged status | Not for loan | Home library | Current library | Shelving location | Date acquired | Source of acquisition | Full call number | Barcode | Date last seen | Copy number | Price effective from | Koha item type | Total Checkouts |
|---|---|---|---|---|---|---|---|---|---|---|---|---|---|---|---|---|
| Dewey Decimal Classification | Biblioteca Pública José María del Castillo y Rada | Biblioteca Pública José María del Castillo y Rada | General Stacks | 04/15/2018 | Donación | 307.1412 / D419c | 430005594 | 05/16/2024 | Ej.1 | 03/10/2021 | Books | |||||
| Dewey Decimal Classification | Biblioteca Pública José María del Castillo y Rada | Biblioteca Pública José María del Castillo y Rada | General Stacks | 04/15/2018 | Donación | 307.1412 / D419c | 430013212 | 05/16/2024 | Ej.1 | 03/10/2021 | Books |